Statystyki dla 10 państw o największej produkcji piwa na mieszkańca

Kliknij tutaj aby rozwiązać quiz!

Ogólne statystyki

  • Ten quiz został rozwiązany 618 razy
  • Średni wynik to 5 z 10

Statystyki odpowiedzi

kg na osobęPaństwo% Poprawnych
104.1Niemcy
97%
109.4Polska
96%
199.4Czechy
82%
145.2Holandia
56%
182.9Belgia
54%
166.0Irlandia
45%
106.0Dania
39%
102.2Norwegia
33%
110.2Litwa
32%
110.3Namibia
3%

Rozkład punktacji

Percentyl według liczby udzielonych odpowiedzi

Procent ludzi z każdym wynikiem

Twoja historia wyników

Nie rozwiązałeś tego quizu